Music Quiz

Random Music Quiz
Score 0/226 Timer 10:00
0 Plays Today
Hint Answer % Correct
Verse 1: Jack Avery & Jonah MaraisYou
100%
have
100%
Chorus: Daniel SeaveyYou
100%
you
100%
you
100%
you
100%
You
100%
you
100%
have
100%
you
100%
you
100%
you
100%
have
100%
have
100%
you
100%
you
100%
you
100%
you
100%
Post-Bridge: Why Don't We & Daniel SeaveyYou
100%
you
100%
have
100%
you
100%
You
100%
you
100%
have
100%
have
100%
you
100%
my
88.9%
can't
88.9%
it
88.9%
find
88.9%
your
88.9%
in
88.9%
my
88.9%
in
88.9%
your
88.9%
to
88.9%
to
88.9%
to
88.9%
can
88.9%
can
88.9%
it
88.9%
your
88.9%
to
88.9%
can
88.9%
can
88.9%
it
88.9%
your
88.9%
it
88.9%
your
88.9%
find
88.9%
to
88.9%
your
88.9%
to
88.9%
to
88.9%
can
88.9%
can
88.9%
it
88.9%
your
88.9%
to
88.9%
can
88.9%
can
88.9%
it
88.9%
your
88.9%
it
88.9%
your
88.9%
to
88.9%
focus
77.8%
I
77.8%
control
77.8%
I
77.8%
magic
77.8%
every
77.8%
moment
77.8%
no
77.8%
of
77.8%
Hint Answer % Correct
hand
77.8%
And
77.8%
the
77.8%
just
77.8%
out
77.8%
of
77.8%
a
77.8%
I
77.8%
I
77.8%
just
77.8%
a
77.8%
I
77.8%
just
77.8%
see
77.8%
smile
77.8%
Post-Chorus: Daniel Seavey & AllJust
77.8%
see
77.8%
x2smile
77.8%
the
77.8%
just
77.8%
see
77.8%
smile
77.8%
the
77.8%
a
77.8%
me
77.8%
and
77.8%
hearts
77.8%
with
77.8%
no
77.8%
and
77.8%
I
77.8%
and
77.8%
I
77.8%
of
77.8%
Bridge: Jack Avery & Zach HerronAnd
77.8%
me
77.8%
I
77.8%
of
77.8%
me
77.8%
I
77.8%
the
77.8%
just
77.8%
see
77.8%
smile
77.8%
the
77.8%
Just
77.8%
see
77.8%
smile
77.8%
the
77.8%
just
77.8%
see
77.8%
(x2)smile
77.8%
you're
66.7%
when
66.7%
love
66.7%
do
66.7%
look
66.7%
this
66.7%
way
66.7%
eyes
66.7%
are
66.7%
all
66.7%
make
66.7%
like
66.7%
while
66.7%
swear
66.7%
I'd
66.7%
walk
66.7%
I'd
66.7%
run
66.7%
make
66.7%
x2way
66.7%
make
66.7%
way
66.7%
way
66.7%
Verse 2: Corbyn Besson & Zach HerronWithout
66.7%
Hint Answer % Correct
question
66.7%
keep
66.7%
guessing
66.7%
golden
66.7%
gentle
66.7%
hands
66.7%
if
66.7%
when
66.7%
eye
66.7%
I'd
66.7%
walk
66.7%
I'd
66.7%
run
66.7%
I'd
66.7%
make
66.7%
x2way
66.7%
make
66.7%
way
66.7%
way
66.7%
cause
55.6%
truth
55.6%
ordinary
55.6%
won't
55.6%
so
55.6%
beautiful
55.6%
walked
55.6%
dream
55.6%
never
55.6%
felt
55.6%
before
55.6%
need
55.6%
forever
55.6%
feel
55.6%
little
55.6%
world
55.6%
stop
55.6%
world
55.6%
stop
55.6%
exception
55.6%
we're
55.6%
don't
55.6%
about
55.6%
even
55.6%
fly
55.6%
world
55.6%
stop
55.6%
world
55.6%
stop
55.6%
sleight
44.4%
hold
44.4%
bulletproof
44.4%
care
44.4%
nobody's
44.4%
point
44.4%
view
44.4%
Type: choruschorus
44.4%
Type: post-choruspost-chorus
44.4%
close
44.4%
learn
44.4%
side
44.4%
there's
44.4%
than
44.4%
what
44.4%
learn
44.4%
pull
33.3%
which
33.3%
gravity
33.3%
needs
33.3%
most
33.3%
attracted
33.3%
everything
33.3%
know
33.3%
more
33.3%
meets
33.3%

You're not logged in!

Compare scores with friends on all Sporcle quizzes.
OR
Log In

Sporcle TV

Today on Sporcle TV


Watch our educational content, quiz creation guides, and fun videos on Sporcle TV.

Show Comments

Extras

Created Sep 10, 2019ReportNominate
Tags:smile

Top Quizzes Today


Score Distribution

Paid Content

Your Account Isn't Verified!

In order to create a playlist on Sporcle, you need to verify the email address you used during registration. Go to your Sporcle Settings to finish the process.

Report this User

Report this user for behavior that violates our Community Guidelines.

Details: